<?xml version="1.0" encoding="UTF-8"?>
<collection xmlns="http://www.loc.gov/MARC21/slim">
  <record>
    <leader>00000nam  2200000   4500</leader>
    <controlfield tag="001">INLIS000000000000606</controlfield>
    <controlfield tag="005">20180724135520</controlfield>
    <controlfield tag="008">180724|||||||||   |   |||   |||| ||   | </controlfield>
    <datafield tag="035" ind1=" " ind2=" ">
      <subfield code="0">010-0718000606</subfield>
    </datafield>
    <datafield tag="041" ind1=" " ind2=" ">
      <subfield code="a">id</subfield>
    </datafield>
    <datafield tag="082" ind1=" " ind2=" ">
      <subfield code="a">017</subfield>
    </datafield>
    <datafield tag="090" ind1=" " ind2=" ">
      <subfield code="a">R 017 PIM I 2014</subfield>
    </datafield>
    <datafield tag="100" ind1=" " ind2=" ">
      <subfield code="a">Nugroho</subfield>
    </datafield>
    <datafield tag="245" ind1=" " ind2=" ">
      <subfield code="a">Peningkatan Pelayanan Pemberian Pembebasan Bersyarat Melalui Perubahan Mekanisme (Pendelegasian Wewenang)</subfield>
    </datafield>
    <datafield tag="260" ind1=" " ind2=" ">
      <subfield code="a">Jakarta</subfield>
      <subfield code="b">LAN Jakarta</subfield>
    </datafield>
    <datafield tag="300" ind1=" " ind2=" ">
      <subfield code="a">17 hlm.</subfield>
    </datafield>
    <datafield tag="500" ind1=" " ind2=" ">
      <subfield code="a">Over kapasitas (Over crowding) penghuni sampai saat ini menjadi salah satu pemicu gangguan keamanan dan ketertiban (Kamtib) di Lapas/Rutan/Cabang Rutan, menghambat terlaksananya pembinaan dan mengakibatkan semakin besarnya jumlah anggaran Negara. Pemberian pembebasan bersyarat menjadi salah satu solusi untuk mengurangi over kapasitas di Lapas, Rutan, dan Cabang Rutan.</subfield>
    </datafield>
    <datafield tag="650" ind1=" " ind2=" ">
      <subfield code="a">Pembebasan Bersyarat</subfield>
    </datafield>
  </record>
</collection>
